| 000 | 01911nam a2200409 a 4500 | ||
|---|---|---|---|
| 001 | ebr10422177 | ||
| 003 | CaPaEBR | ||
| 006 | m u | ||
| 007 | cr cn||||||||| | ||
| 008 | 100504s2009 si a sb 101 0 eng d | ||
| 010 | _z 2010278991 | ||
| 020 | _z9789814280471 | ||
| 020 | _z981428047X | ||
| 020 | _z9789814280488 (e-book) | ||
| 040 |
_aCaPaEBR _cCaPaEBR |
||
| 035 | _a(OCoLC)681533113 | ||
| 050 | 1 | 4 |
_aHB3722 _b.I58 2009eb |
| 111 | 2 |
_aInternational Banking and Finance Conference _n(11th : _d2008 : _cFederal Reserve Bank of Chicago) |
|
| 245 | 1 | 4 |
_aThe first credit market turmoil of the 21st century _h[electronic resource] / _cedited by Douglas D. Evanoff, Philipp Hartmann, George G. Kaufman. |
| 260 |
_aSingapore ; _aHackensack, N.J. : _bWorld Scientific, _cc2009. |
||
| 300 |
_axi, 391 p. : _bill. |
||
| 490 | 1 |
_aWorld Scientific studies in international economics, _x1793-3641 ; _vv. 10 |
|
| 500 | _aPapers from Federal Reserve Bank of Chicago's 11th Annual International Banking Conference, 25-26 September 2008. | ||
| 504 | _aIncludes bibliographical references and index. | ||
| 533 |
_aElectronic reproduction. _bPalo Alto, Calif. : _cebrary, _d2013. _nAvailable via World Wide Web. _nAccess may be limited to ebrary affiliated libraries. |
||
| 650 | 0 |
_aGlobal Financial Crisis, 2008-2009 _vCongresses. |
|
| 650 | 0 |
_aCredit control _xHistory _y21st century _vCongresses. |
|
| 650 | 0 |
_aInternational finance _vCongresses. |
|
| 655 | 7 |
_aElectronic books. _2local |
|
| 700 | 1 |
_aEvanoff, Douglas Darrell, _d1951- |
|
| 700 | 1 |
_aHartmann, Philipp, _d1969- |
|
| 700 | 1 | _aKaufman, George G. | |
| 710 | 2 | _aFederal Reserve Bank of Chicago. | |
| 710 | 2 | _aebrary, Inc. | |
| 830 | 0 |
_aWorld Scientific studies in international economics ; _vv. 10. |
|
| 856 | 4 | 0 |
_uhttp://site.ebrary.com/lib/rucke/Doc?id=10422177 _zAn electronic book accessible through the World Wide Web; click to view |
| 999 |
_c236351 _d236351 |
||